[Event "34. Torneo Internacional La Roda"]
[Site "La Roda ESP"]
[Date "2007.04.08"]
[Round "9.4"]
[White "Koziak, Vitali"]
[Black "Lalic, Bogdan"]
[Result "1/2-1/2"]
[WhiteElo "2461"]
[BlackElo "2519"]
[PlyCount "21"]
[EventDate "2007.04.04"]
[EventType "swiss"]
[EventRounds "9"]
[EventCountry "ESP"]
[Source "lmi"]
[SourceDate "2007.04.04"]

1. d4 Nf6 2. Nf3 d5 3. c4 e6 4. cxd5 exd5 5. Nc3 c6 6. Bg5 h6 7. Bh4 Bf5 8. e3
Nbd7 9. Bd3 Bxd3 10. Qxd3 Be7 11. O-O 1/2-1/2

[Event "34. Torneo Internacional La Roda"]
[Site "La Roda ESP"]
[Date "2007.04.08"]
[Round "9.6"]
[White "Mateo, Ramon"]
[Black "Rizouk, Aimen"]
[Result "1-0"]
[WhiteElo "2448"]
[BlackElo "2484"]
[PlyCount "55"]
[EventDate "2007.04.04"]
[EventType "swiss"]
[EventRounds "9"]
[EventCountry "ESP"]
[Source "lmi"]
[SourceDate "2007.04.04"]

1. d4 Nf6 2. c4 e6 3. Nf3 b6 4. Bg5 Bb7 5. Nbd2 Be7 6. Qc2 d5 7. e3 O-O 8. Bxf6
Bxf6 9. cxd5 exd5 10. Bd3 g6 11. Rc1 c6 12. O-O Nd7 13. e4 dxe4 14. Nxe4 Be7
15. Rfd1 Rc8 16. Bc4 Nf6 17. Nxf6+ Bxf6 18. Ne5 Qd6 19. Nxg6 Rfd8 20. Qf5 Ba6
21. Nf4 Bxc4 22. Rxc4 Bg7 23. Nh5 Qg6 24. Nxg7 Kxg7 25. Qf3 Rd6 26. d5 Kh8 27.
Rg4 Qf6 28. Rf4 1-0

[Event "34. Torneo Internacional La Roda"]
[Site "La Roda ESP"]
[Date "2007.04.08"]
[Round "9.9"]
[White "Borges Mateos, Juan"]
[Black "Sanchez Jimenez, Juan Carlos"]
[Result "1/2-1/2"]
[WhiteElo "2482"]
[BlackElo "2278"]
[PlyCount "83"]
[EventDate "2007.04.04"]
[EventType "swiss"]
[EventRounds "9"]
[EventCountry "ESP"]
[Source "lmi"]
[SourceDate "2007.04.04"]

1. Nf3 f5 2. c4 Nf6 3. g3 d6 4. d4 e6 5. Bg2 Be7 6. O-O O-O 7. Qc2 a5 8. Nc3
Nc6 9. Rd1 Qe8 10. a3 e5 11. d5 Nb8 12. Ng5 Na6 13. Ne6 Bxe6 14. dxe6 Nc5 15.
Be3 e4 16. Bxc5 dxc5 17. Qb3 Rb8 18. Qb5 Bd6 19. Qxa5 Qxe6 20. Nd5 Nxd5 21.
cxd5 Qe5 22. Qc3 Qxc3 23. bxc3 Ra8 24. e3 Ra4 25. Bf1 Rfa8 26. Bh3 g6 27. g4 f4
28. exf4 Bxf4 29. Bg2 Rxa3 30. Rab1 b6 31. Bxe4 Re8 32. d6 Bxd6 33. Bd5+ Kg7
34. c4 Rh3 35. Bg2 Bxh2+ 36. Kf1 Rh4 37. Rd7+ Kh8 38. Bf3 Bd6 39. Re1 Rxe1+ 40.
Kxe1 h5 41. gxh5 gxh5 42. Bd5 1/2-1/2

[Event "34. Torneo Internacional La Roda"]
[Site "La Roda ESP"]
[Date "2007.04.08"]
[Round "9.10"]
[White "Guerra Bastida, Diego"]
[Black "Krivoshey, Sergei"]
[Result "0-1"]
[WhiteElo "2371"]
[BlackElo "2475"]
[PlyCount "92"]
[EventDate "2007.04.04"]
[EventType "swiss"]
[EventRounds "9"]
[EventCountry "ESP"]
[Source "lmi"]
[SourceDate "2007.04.04"]

1. d4 d5 2. Nf3 Nf6 3. c4 c6 4. Qc2 dxc4 5. Qxc4 Bg4 6. Nbd2 Nbd7 7. g3 e6 8.
Bg2 Be7 9. O-O O-O 10. Qb3 Nb6 11. Re1 a5 12. Nc4 Nxc4 13. Qxc4 Bb4 14. Nd2 Qb6
15. a3 Be7 16. e4 Rfd8 17. e5 Nd5 18. Ne4 Bf5 19. Nc5 Nc7 20. b3 Rxd4 21. Qxd4
Bxc5 22. Qf4 Qxb3 23. Be3 Bxa3 24. g4 Bg6 25. h4 Kf8 26. h5 Bc2 27. h6 gxh6 28.
g5 h5 29. Bd4 Nd5 30. Bxd5 Qxd5 31. Rac1 Bf5 32. Ba1 Rd8 33. Kh2 Qd2 34. Qg3
Rd3 35. Qg2 Qf4+ 36. Kg1 h4 37. Qh2 Qxh2+ 38. Kxh2 Bb4 39. Red1 Bd2 40. Rb1 b5
41. Kg1 h3 42. f3 b4 43. Kf1 c5 44. Ke2 c4 45. Rb2 c3 46. Ra2 Rd5 0-1

[Event "34. Torneo Internacional La Roda"]
[Site "La Roda ESP"]
[Date "2007.04.08"]
[Round "9.11"]
[White "Pomes Marcet, Juan"]
[Black "Pogorelov, Ruslan"]
[Result "0-1"]
[WhiteElo "2388"]
[BlackElo "2462"]
[PlyCount "74"]
[EventDate "2007.04.04"]
[EventType "swiss"]
[EventRounds "9"]
[EventCountry "ESP"]
[Source "lmi"]
[SourceDate "2007.04.04"]

1. d4 Nf6 2. c4 e6 3. Nc3 Bb4 4. e3 O-O 5. Nge2 d5 6. a3 Be7 7. Ng3 a5 8. cxd5
exd5 9. Bd3 c5 10. O-O Nc6 11. Nf5 Re8 12. Nxe7+ Qxe7 13. Be2 Bf5 14. b3 Rad8
15. f3 cxd4 16. exd4 h6 17. Rf2 Qc7 18. Nb5 Qb8 19. Bf1 Rc8 20. Raa2 Na7 21.
Bd2 Bd7 22. Nc3 b5 23. Ne2 Qb6 24. Bf4 Nh5 25. Bc1 Nc6 26. Rd2 Ne7 27. g4 Nf6
28. Nf4 Ng6 29. Nxg6 fxg6 30. Bd3 Ne4 31. fxe4 dxe4 32. Rg2 Qxd4+ 33. Rdf2 exd3
34. Bb2 Qe4 35. h3 Bc6 36. Kh2 Qe3 37. Bc1 Qa7 0-1

[Event "34. Torneo Internacional La Roda"]
[Site "La Roda ESP"]
[Date "2007.04.08"]
[Round "9.12"]
[White "Fernandez Romero, Ernesto"]
[Black "Garcia Romero, Benjamin Abel"]
[Result "1/2-1/2"]
[WhiteElo "2437"]
[BlackElo "2263"]
[PlyCount "98"]
[EventDate "2007.04.04"]
[EventType "swiss"]
[EventRounds "9"]
[EventCountry "ESP"]
[Source "lmi"]
[SourceDate "2007.04.04"]

1. e4 e5 2. Nf3 Nc6 3. Bb5 a6 4. Ba4 Nf6 5. O-O Be7 6. Re1 b5 7. Bb3 d6 8. c3
O-O 9. h3 Nd7 10. d4 Bf6 11. d5 Na5 12. Bc2 Nc4 13. a4 Bb7 14. b3 Ncb6 15. a5
Nc8 16. c4 c6 17. Nc3 c5 18. Ne2 Ne7 19. Be3 Kh8 20. Qd2 b4 21. g4 Ng8 22. Ng3
g6 23. Kh2 Bc8 24. Rg1 Ra7 25. Rg2 Bg7 26. Bg5 Ndf6 27. Ng1 h6 28. Be3 Bxg4 29.
hxg4 Nxg4+ 30. Kh3 Qd7 31. Nf5 gxf5 32. exf5 e4 33. Rxg4 Qxf5 34. Bxe4 Qc8 35.
Rd1 h5 36. f3 Nf6 37. Qd3 Nxe4 38. Qxe4 f5 39. Qe6 fxg4+ 40. fxg4 hxg4+ 41.
Kxg4 Be5 42. Nf3 Rg7+ 43. Ng5 Qxe6+ 44. dxe6 Rf6 45. Kh5 Kg8 46. Rd5 Bh2 47.
Rd2 Be5 48. Rd5 Bh2 49. Rd2 Be5 1/2-1/2

[Event "34. Torneo Internacional La Roda"]
[Site "La Roda ESP"]
[Date "2007.04.08"]
[Round "9.13"]
[White "Kovacevic, Slobodan"]
[Black "Bellon Lopez, Juan Manuel"]
[Result "0-1"]
[WhiteElo "2325"]
[BlackElo "2425"]
[PlyCount "64"]
[EventDate "2007.04.04"]
[EventType "swiss"]
[EventRounds "9"]
[EventCountry "ESP"]
[Source "lmi"]
[SourceDate "2007.04.04"]

1. d4 Nf6 2. Nf3 b6 3. Bf4 Nh5 4. Bg5 h6 5. Bh4 g5 6. Bg3 Bb7 7. Nbd2 Nxg3 8.
hxg3 Bg7 9. c3 e6 10. e4 d6 11. Bd3 Nd7 12. Qe2 a6 13. Nc4 Qe7 14. Ne3 c5 15.
d5 h5 16. dxe6 fxe6 17. e5 Bxf3 18. Bg6+ Kd8 19. gxf3 Nxe5 20. Bxh5 Kc7 21.
O-O-O Qf6 22. Nc4 Nxc4 23. Qxc4 d5 24. Qe2 b5 25. Bg4 Rhe8 26. Rhe1 Rad8 27.
Qc2 c4 28. Re2 Rd6 29. Qd2 Rb6 30. Qe3 Reb8 31. a3 a5 32. Red2 Kb7 0-1

[Event "34. Torneo Internacional La Roda"]
[Site "La Roda ESP"]
[Date "2007.04.08"]
[Round "9.14"]
[White "Serna Lara, Sergio"]
[Black "Minzer, Claudio Javier"]
[Result "1/2-1/2"]
[WhiteElo "2251"]
[BlackElo "2414"]
[PlyCount "43"]
[EventDate "2007.04.04"]
[EventType "swiss"]
[EventRounds "9"]
[EventCountry "ESP"]
[Source "lmi"]
[SourceDate "2007.04.04"]

1. d4 Nf6 2. c4 e6 3. Nc3 Bb4 4. e3 b6 5. Nge2 Ne4 6. Bd2 Nxd2 7. Qxd2 Bb7 8.
a3 Be7 9. d5 O-O 10. g3 a5 11. Bg2 Na6 12. Rb1 Qb8 13. O-O Nc5 14. b4 axb4 15.
axb4 Na4 16. Nb5 Bf6 17. Nbd4 Rd8 18. Qc2 Qc8 19. Nb5 Qb8 20. Nbd4 Qc8 21. Nb5
Qb8 22. Nbd4 1/2-1/2

[Event "34. Torneo Internacional La Roda"]
[Site "La Roda ESP"]
[Date "2007.04.08"]
[Round "9.15"]
[White "Kozakov, Mikhail"]
[Black "Garcia Roman, Jose Luis Machado"]
[Result "1-0"]
[WhiteElo "2415"]
[BlackElo "1968"]
[PlyCount "79"]
[EventDate "2007.04.04"]
[EventType "swiss"]
[EventRounds "9"]
[EventCountry "ESP"]
[Source "lmi"]
[SourceDate "2007.04.04"]

1. e4 c5 2. Nf3 e6 3. d4 cxd4 4. Nxd4 Nf6 5. Nc3 Nc6 6. Ndb5 d6 7. Bf4 e5 8.
Bg5 a6 9. Na3 h6 10. Bxf6 gxf6 11. Nc4 f5 12. exf5 Bxf5 13. Ne3 Be6 14. Bc4 Qg5
15. Ne4 Qg6 16. Bxe6 Qxe6 17. Qh5 d5 18. Nxd5 O-O-O 19. c4 f5 20. Ng3 Rxd5 21.
cxd5 Bb4+ 22. Kf1 Qxd5 23. Qxf5+ Kb8 24. Qe4 Qd2 25. Qe2 Qf4 26. Ne4 Rf8 27. g3
Qf5 28. Kg2 Nd4 29. Qe3 h5 30. Rhf1 Nf3 31. a3 Be7 32. Rad1 Qg4 33. Nd6 Nd4 34.
f3 Qg7 35. Nc4 Bf6 36. f4 exf4 37. Rxf4 Rd8 38. Qe4 h4 39. Rdf1 Bg5 40. Rf7 1-0

[Event "34. Torneo Internacional La Roda"]
[Site "La Roda ESP"]
[Date "2007.04.08"]
[Round "9.16"]
[White "Rojas, Luis"]
[Black "Sanchez Jerez, Emilio"]
[Result "1-0"]
[WhiteElo "2414"]
[BlackElo "2174"]
[PlyCount "53"]
[EventDate "2007.04.04"]
[EventType "swiss"]
[EventRounds "9"]
[EventCountry "ESP"]
[Source "lmi"]
[SourceDate "2007.04.04"]

1. e4 c5 2. Nf3 d6 3. d4 cxd4 4. Nxd4 Nf6 5. Nc3 a6 6. Bc4 e6 7. Bb3 Be7 8. f4
Nc6 9. Be3 O-O 10. Qf3 Qc7 11. O-O-O Na5 12. g4 Nc4 13. Bxc4 Qxc4 14. g5 Nd7
15. f5 Ne5 16. Qg3 Re8 17. f6 Bf8 18. fxg7 Bxg7 19. Nb3 Qc7 20. h4 b5 21. a3
Bb7 22. Bd4 Rec8 23. Rh2 d5 24. exd5 Bxd5 25. Nxd5 exd5 26. Re2 Ng6 27. Re8+
1-0

[Event "34. Torneo Internacional La Roda"]
[Site "La Roda ESP"]
[Date "2007.04.08"]
[Round "9.17"]
[White "Espinosa Aranda, Angel"]
[Black "Ivanov, Jordan"]
[Result "0-1"]
[WhiteElo "2161"]
[BlackElo "2381"]
[PlyCount "82"]
[EventDate "2007.04.04"]
[EventType "swiss"]
[EventRounds "9"]
[EventCountry "ESP"]
[Source "lmi"]
[SourceDate "2007.04.04"]

1. d4 Nf6 2. c4 g6 3. Nc3 Bg7 4. e4 d6 5. f3 O-O 6. Be3 Nc6 7. Qd2 a6 8. Nge2
Rb8 9. Nc1 e5 10. d5 Nd4 11. Nb3 Nxb3 12. axb3 c5 13. Bd3 Nh5 14. O-O f5 15.
exf5 gxf5 16. Rae1 Bd7 17. Qe2 Kh8 18. Kh1 f4 19. Bf2 Qf6 20. Ne4 Qh6 21. Qc2
Rg8 22. g4 fxg3 23. Nxg3 Rbf8 24. Be4 Nf4 25. Be3 Rf6 26. Nf5 Qh5 27. Bxf4 Bxf5
28. Be3 Rgf8 29. Qg2 Rg6 30. Qe2 Bh6 31. Bxh6 Rxh6 32. Bxf5 Rxf5 33. Rf2 Rhf6
34. Ref1 Rf4 35. Qe3 a5 36. Kg1 b6 37. Kh1 h6 38. Kg1 e4 39. fxe4 Rxf2 40. Rxf2
Qd1+ 41. Kg2 Rg6+ 0-1

[Event "34. Torneo Internacional La Roda"]
[Site "La Roda ESP"]
[Date "2007.04.08"]
[Round "9.18"]
[White "Sanchez Delgado, Lidia"]
[Black "Antoli Royo, Joaquin Miguel"]
[Result "0-1"]
[WhiteElo "2025"]
[BlackElo "2356"]
[PlyCount "100"]
[EventDate "2007.04.04"]
[EventType "swiss"]
[EventRounds "9"]
[EventCountry "ESP"]
[Source "lmi"]
[SourceDate "2007.04.04"]

1. e4 c5 2. Nf3 Nc6 3. d4 cxd4 4. Nxd4 Qc7 5. Nc3 e6 6. Be2 a6 7. O-O b5 8. Be3
Bb7 9. Nb3 Nf6 10. Nc5 Bc8 11. f3 d6 12. Nd3 Bb7 13. a3 Be7 14. Qe1 Na5 15. Qg3
Nc4 16. Bc1 O-O 17. Kh1 Rac8 18. b3 Nxa3 19. Bxa3 Qxc3 20. e5 Nh5 21. Qf2 Bg5
22. f4 Nxf4 23. Nxf4 b4 24. exd6 bxa3 25. Bc4 Bf6 26. Rxa3 Qb4 27. Ra4 Qxd6 28.
Bd3 Rc5 29. Qe2 Re5 30. Qd1 Rd8 31. Nh5 Bxg2+ 32. Kxg2 Qd5+ 33. Qf3 Rxh5 34.
Qxd5 Rhxd5 35. Rxa6 Rh5 36. Rd1 g6 37. Rf1 Be5 38. h3 Rg5+ 39. Kf3 Rg3+ 40. Ke4
Bb8 41. Rf3 f5+ 42. Ke3 Rxf3+ 43. Kxf3 e5 44. Bc4+ Kg7 45. Re6 Kh6 46. Re7 e4+
47. Ke3 Bd6 48. Re6 Kg5 49. Ke2 Bf4 50. Ke1 Kh4 0-1

[Event "34. Torneo Internacional La Roda"]
[Site "La Roda ESP"]
[Date "2007.04.08"]
[Round "9.19"]
[White "Almagro Mazariegos, Sebastian"]
[Black "Robles Garcia, Claudia"]
[Result "1/2-1/2"]
[WhiteElo "2315"]
[BlackElo "2153"]
[PlyCount "23"]
[EventDate "2007.04.04"]
[EventType "swiss"]
[EventRounds "9"]
[EventCountry "ESP"]
[Source "lmi"]
[SourceDate "2007.04.04"]

1. Nf3 c5 2. e4 d6 3. d4 cxd4 4. Nxd4 Nf6 5. Nc3 a6 6. Be2 e5 7. Nb3 Be7 8. a4
Be6 9. O-O d5 10. exd5 Nxd5 11. Nxd5 Qxd5 12. Be3 1/2-1/2